[Event "4NCL Rapid Team 2014"]
[Site "Daventry ENG"]
[Date "2014.10.04"]
[Round "6.3"]
[White "Goldie, Thomas"]
[Black "Purton, Ben J"]
[Result "1/2-1/2"]
[WhiteElo "2002"]
[BlackElo "2142"]
[WhiteTeam "Millfield"]
[BlackTeam "Sons of Anarchy Grantham 2"]
[WhiteFideId "2054485"]
[BlackFideId "411132"]
[EventDate "2014.10.04"]

1. e4 d6 2. d4 Nf6 3. Nc3 c6 4. Be3 Ng4 5. Bg5 Qb6 6. Qd2 h6 7. Bh4 e5 8. dxe5
dxe5 9. O-O-O Nd7 10. Nf3 Bb4 11. a3 Bxc3 12. Qxc3 Nxf2 13. Bxf2 Qxf2 14. Kb1
O-O 15. Nxe5 Nxe5 16. Qxe5 Bg4 17. Qd4 Qh4 18. g3 Qh5 19. Re1 Bf3 20. Rg1 Qxh2
21. Bd3 Qh5 22. e5 Qg4 23. Qf4 Rae8 24. Re3 Qxf4 25. gxf4 Bd5 26. Reg3 g6 27. f5
Rxe5 28. fxg6 Rg5 29. gxf7+ Kxf7 30. Rxg5 hxg5 31. Rxg5 Rh8 32. b3 Rh3 33. Kb2
b6 34. Rg4 Kf6 35. a4 c5 36. Rf4+ Ke7 1/2-1/2

[Event "4NCL Rapid Team 2014"]
[Site "Daventry ENG"]
[Date "2014.10.04"]
[Round "6.3"]
[White "Varnam, Liam D"]
[Black "Whatley, Stephen A J"]
[Result "1-0"]
[WhiteElo "2124"]
[BlackElo "1881"]
[WhiteTeam "Sons of Anarchy Grantham 2"]
[BlackTeam "Millfield"]
[WhiteFideId "410950"]
[BlackFideId "420441"]
[EventDate "2014.10.04"]

1. c4 f5 2. g3 Nf6 3. Bg2 g6 4. Nc3 Bg7 5. d3 d6 6. e4 c6 7. Nge2 O-O 8. O-O e5
9. f4 Na6 10. Rb1 Be6 11. b3 Qb6+ 12. Kh1 Ng4 13. Qe1 Nb4 14. Na4 Nxd3 15. Nxb6
Nxe1 16. Nxa8 Nxg2 17. Nc7 N2e3 18. Bxe3 Nxe3 19. Nxe6 Rf6 20. Rf3 Ng4 21. exf5
e4 22. Rff1 gxf5 23. Nxg7 Kxg7 24. Nd4 d5 25. cxd5 cxd5 26. Rbc1 Kg6 27. h3 Nh6
28. Rc7 Nf7 29. Rxb7 Ra6 30. a4 Nd6 31. Rc7 Rb6 32. Rc6 Rxc6 33. Nxc6 Nb7 34. b4
Nd6 35. Ne5+ Kf6 36. Rd1 e3 37. Rxd5 e2 38. Nf3 Ne4 39. Kg2 Nc3 40. Ra5 Nd1 41.
Ra6+ 1-0

[Event "4NCL Rapid Team 2014"]
[Site "Daventry ENG"]
[Date "2014.10.04"]
[Round "6.3"]
[White "Keen, Cosima"]
[Black "Batchelor, Guy J"]
[Result "1-0"]
[WhiteElo "1831"]
[BlackElo "1857"]
[WhiteTeam "Millfield"]
[BlackTeam "Sons of Anarchy Grantham 2"]
[WhiteFideId "423050"]
[BlackFideId "423106"]
[EventDate "2014.10.04"]

1. d4 d5 2. Nf3 Nf6 3. Bf4 e6 4. e3 Bd6 5. Bg3 Ne4 6. Bh4 Be7 7. Bxe7 Qxe7 8.
Bd3 b6 9. Nbd2 Nf6 10. c4 dxc4 11. Nxc4 O-O 12. O-O Bb7 13. Rc1 Nbd7 14. Nce5 c5
15. Nxd7 Nxd7 16. dxc5 Nxc5 17. Bb1 Qf6 18. b4 Rfd8 19. Qc2 Be4 20. Qe2 Bxb1 21.
Rxb1 Ne4 22. Rbc1 h6 23. Nd4 e5 24. Nc6 Rd2 25. Qe1 Rxa2 26. b5 Rb2 27. Nb4 Qd6
28. Nc2 Rxb5 29. Rd1 Qc5 30. Rc1 Qe7 31. Qe2 Rc5 32. Qf3 f5 33. Qxf5 Nd6 34. Qd3
Rac8 35. Rfd1 Nb5 36. Ra1 Nc3 37. Rd2 Rd5 38. Qa6 Rcd8 39. Rxd5 Nxd5 40. Qxa7
Qc5 41. Ne1 Rf8 42. Nf3 e4 43. Nd4 Rf7 44. Qa8+ Kh7 45. h3 Nc3 46. Rc1 Qb4 47.
Qc6 Na2 48. Qxe4+ g6 49. Rc6 Rg7 50. Qe6 Nc3 51. Rxb6 Qa3 52. Rb3 Qc1+ 53. Kh2
Nd1 54. Qf6 Qd2 55. Ne6 Qd6+ 56. g3 Qe7 57. Qxg7+ Qxg7 58. Nxg7 Kxg7 59. Kg2 Kf6
60. Rd3 Nb2 61. Rd6+ Kf7 62. Kf3 Nc4 63. Rd5 Nb6 64. Rb5 Nc8 65. e4 Nd6 66. Ra5
Ne8 67. e5 Ke6 68. Ke4 Nc7 69. Rc5 Ne8 70. f4 Ng7 71. g4 h5 72. Rc6+ Kf7 73.
Rf6+ Ke7 74. Rxg6 1-0

[Event "4NCL Rapid Team 2014"]
[Site "Daventry ENG"]
[Date "2014.10.04"]
[Round "7.1"]
[White "Ghasi, Ameet K"]
[Black "Piper, Matthew S"]
[Result "0-1"]
[WhiteTitle "IM"]
[WhiteElo "2475"]
[BlackElo "2362"]
[WhiteTeam "Sons of Anarchy Grantham 1"]
[BlackTeam "Barbican 1"]
[WhiteFideId "409200"]
[BlackFideId "401463"]
[EventDate "2014.10.04"]

1. Nf3 Nf6 2. g3 c5 3. Bg2 g6 4. O-O Bg7 5. d3 O-O 6. e4 d6 7. Nbd2 Nc6 8. Re1
Bd7 9. a4 a6 10. Nc4 b5 11. axb5 axb5 12. Rxa8 Qxa8 13. Nb6 Qa7 14. Nd5 e6 15.
Nc3 b4 16. Nb5 Qb8 17. Nxd6 Qxd6 18. e5 Nxe5 19. Nxe5 Nd5 20. Nc4 Qc7 21. Bg5
Bc6 22. h4 h6 23. Bd2 Re8 24. Qe2 e5 25. h5 g5 26. Be4 Ne7 27. Bxc6 Nxc6 28. Qe4
Kh8 29. c3 Qd7 30. Ne3 Rd8 31. cxb4 cxb4 32. g4 Nd4 33. Bxb4 Ne6 34. Bc3 Qxd3
35. Qxd3 Rxd3 36. Nf5 Nd4 37. Bxd4 exd4 38. Re8+ Kh7 39. Re7 Kg8 40. Re8+ Kh7
41. b4 Rb3 42. Re7 Kg8 43. Re8+ Kh7 44. Rb8 d3 45. Ne3 Bd4 46. Rd8 Rxb4 47. Nf1
Kg7 48. Rd6 Kf8 49. Kg2 Ke7 50. Rxh6 Rb2 51. Kg3 Rxf2 52. Ra6 Rxf1 53. Ra2 Bc3 0-1

[Event "4NCL Rapid Team 2014"]
[Site "Daventry ENG"]
[Date "2014.10.04"]
[Round "7.1"]
[White "Pritchett, Craig W"]
[Black "Rendle, Thomas E"]
[Result "1-0"]
[WhiteTitle "IM"]
[BlackTitle "IM"]
[WhiteElo "2315"]
[BlackElo "2383"]
[WhiteTeam "Barbican 1"]
[BlackTeam "Sons of Anarchy Grantham 1"]
[WhiteFideId "2400065"]
[BlackFideId "408760"]
[EventDate "2014.10.04"]

1. c4 f5 2. g3 Nf6 3. Bg2 g6 4. b3 Bg7 5. Bb2 O-O 6. Nf3 d6 7. O-O e5 8. d3 c6
9. Nc3 Na6 10. a3 Nc7 11. b4 Ng4 12. Qb3 Kh8 13. a4 Be6 14. b5 d5 15. bxc6 bxc6
16. cxd5 cxd5 17. Nb5 Rb8 18. Qc2 Nxb5 19. axb5 Qb6 20. h3 Rfc8 21. Qd2 Qxb5 22.
Rab1 Qb3 23. hxg4 Rc2 24. Bxe5 Qxb1 25. Bxb8 Qa2 26. Qe3 Rxe2 27. Qxa7 Qxa7 28.
Bxa7 fxg4 29. Nd4 Bxd4 30. Bxd4+ Kg8 31. Ra1 Rd2 32. Ra8+ Kf7 33. Ra7+ Ke8 34.
Bc5 Bf5 35. Bxd5 Rxd3 36. Bc6+ Kd8 37. Bb6+ Kc8 38. Ra8# 1-0

[Event "4NCL Rapid Team 2014"]
[Site "Daventry ENG"]
[Date "2014.10.04"]
[Round "7.1"]
[White "Roberson, Peter T"]
[Black "Dorrington, Chris J"]
[Result "1-0"]
[WhiteTitle "IM"]
[WhiteElo "2415"]
[BlackElo "2329"]
[WhiteTeam "Sons of Anarchy Grantham 1"]
[BlackTeam "Barbican 1"]
[WhiteFideId "412384"]
[BlackFideId "410462"]
[EventDate "2014.10.04"]

1. e4 d6 2. d4 g6 3. Be3 Bg7 4. Nc3 Nd7 5. Qd2 a6 6. h4 h5 7. Nh3 e6 8. Ng5 Nh6
9. Bc4 Qe7 10. a4 b6 11. f3 Bb7 12. O-O Nf8 13. b4 f6 14. Nh3 Nf7 15. Ne2 Bh6
16. d5 Bxe3+ 17. Qxe3 exd5 18. Bb3 dxe4 19. fxe4 Rh7 20. Nc3 Ne5 21. Nf4 Ng4 22.
Qh3 Qe5 23. Nfd5 Bc8 24. Rad1 a5 25. bxa5 Rxa5 26. Nxf6+ Kd8 27. Nxh7 Nxh7 28.
Nd5 c6 29. Rf7 Ngf6 30. Qe3 Rxd5 31. Qxb6+ Ke8 32. Bxd5 cxd5 33. Qc7 Bd7 34. Rg7
Kf8 35. Rxd7 Nxd7 36. Qxd7 Nf6 37. Rf1 dxe4 38. Qd8+ Kf7 39. Qxf6+ Qxf6 40.
Rxf6+ 1-0

[Event "4NCL Rapid Team 2014"]
[Site "Daventry ENG"]
[Date "2014.10.04"]
[Round "7.1"]
[White "Rogers, Jonathan W"]
[Black "Grund, Holger"]
[Result "0-1"]
[WhiteTitle "FM"]
[WhiteElo "2297"]
[BlackElo "2415"]
[WhiteTeam "Barbican 1"]
[BlackTeam "Sons of Anarchy Grantham 1"]
[WhiteFideId "402052"]
[BlackFideId "4624475"]
[EventDate "2014.10.04"]

1. d4 d5 2. Nf3 Nf6 3. Bf4 c5 4. e3 Nc6 5. c3 Qb6 6. Qb3 c4 7. Qc2 Bf5 8. Qc1 h6
9. Be2 e6 10. Nbd2 Rc8 11. Ne5 Nxe5 12. Bxe5 Be7 13. O-O O-O 14. f3 Bh7 15. Bg3
Qc6 16. a4 a5 17. Nb1 b5 18. axb5 Qxb5 19. Na3 Qb6 20. Qd2 Nh5 21. Bf2 Rb8 22.
Ra2 Bxa3 23. Rxa3 Qxb2 24. Qxb2 Rxb2 25. Bd1 Bd3 26. Re1 Ra8 27. Ba4 Rab8 28. g4
Nf6 29. Bg3 R8b7 30. Bd1 Rd2 31. Rxa5 Rbb2 32. Ra8+ Kh7 33. Ra7 Ne4 34. Bf4 Nxc3
35. Rxf7 Kg8 36. Rc7 Nxd1 37. e4 Ne3 38. exd5 Rg2+ 39. Kh1 Nxd5 40. Rc8+ Kf7 41.
Be5 c3 42. Ra1 Ra2 0-1

[Event "4NCL Rapid Team 2014"]
[Site "Daventry ENG"]
[Date "2014.10.04"]
[Round "7.2"]
[White "Batchelor, Peter J"]
[Black "Smerdon, David"]
[Result "0-1"]
[BlackTitle "GM"]
[WhiteElo "2236"]
[BlackElo "2506"]
[WhiteTeam "Sons of Anarchy Grantham 2"]
[BlackTeam "Guildford"]
[WhiteFideId "424854"]
[BlackFideId "3202305"]
[EventDate "2014.10.04"]

1. d4 e6 2. Nf3 Nf6 3. c4 d5 4. g3 dxc4 5. Qa4+ Nbd7 6. Bg2 a6 7. Qxc4 b5 8. Qc2
Bb7 9. O-O c5 10. Bg5 Qb6 11. dxc5 Bxc5 12. Bxf6 Nxf6 13. Nc3 Rc8 14. e3 O-O 15.
Qe2 Bb4 16. Rac1 Qa5 17. Nd4 Bxg2 18. Kxg2 Bxc3 19. bxc3 Ne4 20. Nb3 Nxc3 21.
Nxa5 Nxe2 22. Rc6 Rxc6 23. Nxc6 Nc3 24. Rc1 Nd5 25. e4 Nf6 26. Kf3 Ra8 27. a4
bxa4 28. Ra1 Nd7 29. Rxa4 f6 30. Rd4 Ne5+ 31. Nxe5 fxe5 32. Ra4 a5 33. Ke3 Kf7
34. f4 Kf6 35. h3 h5 36. Kf3 g6 37. Ke3 exf4+ 38. gxf4 g5 39. Kf3 gxf4 40. Kxf4
e5+ 41. Kg3 Kg5 42. h4+ Kf6 43. Kf3 Ke6 44. Ke3 Kd6 45. Kd3 Kc5 46. Rc4+ Kb6 47.
Kc3 Rd8 48. Ra4 Rf8 49. Kc4 Rd8 50. Kc3 Kb5 51. Ra1 Rd4 52. Rb1+ Rb4 53. Rf1
Rxe4 54. Rf5 Kc5 55. Rxh5 Re3+ 56. Kd2 Kd4 57. Rh8 Rh3 58. Rd8+ Ke4 59. Ra8 Rh2+
60. Kd1 Kd3 61. Rd8+ Ke3 62. Rd5 e4 63. Rxa5 Rh1+ 64. Kc2 Rxh4 65. Re5 Rh2+ 66.
Kd1 Rh1+ 67. Kc2 Re1 68. Re8 Kf2 69. Rf8+ Ke2 70. Rh8 Rf1 71. Rh2+ Rf2 72. Rh7
e3 73. Kc1 Ke1 74. Rh1+ Rf1 75. Rh2 e2 76. Kc2 Rf8 77. Rh1+ Kf2 78. Rh2+ Kf3 79.
Rh3+ Kg2 80. Re3 Kf2 81. Kd2 Rd8+ 0-1

[Event "4NCL Rapid Team 2014"]
[Site "Daventry ENG"]
[Date "2014.10.04"]
[Round "7.2"]
[White "Flear, Glenn C"]
[Black "Purton, Ben J"]
[Result "1-0"]
[WhiteTitle "GM"]
[WhiteElo "2462"]
[BlackElo "2142"]
[WhiteTeam "Guildford"]
[BlackTeam "Sons of Anarchy Grantham 2"]
[WhiteFideId "400165"]
[BlackFideId "411132"]
[EventDate "2014.10.04"]

1. d4 Nf6 2. c4 g6 3. Nc3 d5 4. cxd5 Nxd5 5. e4 Nxc3 6. bxc3 Bg7 7. Bc4 O-O 8.
Ne2 c5 9. O-O Nc6 10. Be3 Qc7 11. Rc1 b6 12. h4 e5 13. h5 Na5 14. Bd3 c4 15. Bb1
Bd7 16. f4 exd4 17. Nxd4 Rad8 18. hxg6 fxg6 19. e5 a6 20. Qe2 Rfe8 21. Qf3 Nc6
22. Be4 Ne7 23. Bf2 Bf5 24. Bxf5 Nxf5 25. Nxf5 gxf5 26. Rfd1 b5 27. Bh4 Rxd1+
28. Rxd1 Qa7+ 29. Kh2 Qf7 30. Rd6 a5 31. Qd1 b4 32. Rd7 Qe6 33. Rd6 Qf7 34. cxb4
axb4 35. Rd8 Rxd8 36. Qxd8+ Bf8 37. Qc8 Qh5 38. Qxc4+ Kg7 39. g3 Qe8 40. Bf6+
Kg6 41. g4 fxg4 42. Kg3 Qf7 43. f5+ 1-0

[Event "4NCL Rapid Team 2014"]
[Site "Daventry ENG"]
[Date "2014.10.04"]
[Round "7.2"]
[White "Wadsworth, Matthew J"]
[Black "Batchelor, Guy J"]
[Result "1-0"]
[WhiteElo "2135"]
[BlackElo "1857"]
[WhiteTeam "Guildford"]
[BlackTeam "Sons of Anarchy Grantham 2"]
[WhiteFideId "415804"]
[BlackFideId "423106"]
[EventDate "2014.10.04"]

1. e4 c5 2. Nf3 Nc6 3. d4 cxd4 4. Nxd4 e5 5. Nb5 d6 6. N1c3 a6 7. Na3 Nf6 8. Bg5
b5 9. Bxf6 gxf6 10. Nd5 f5 11. c3 fxe4 12. Bxb5 Bb7 13. Ba4 Bg7 14. Nb4 Rc8 15.
Nc4 O-O 16. Qxd6 Nxb4 17. Qxb4 Rxc4 18. Qxc4 e3 19. fxe3 Bxg2 20. Rg1 Bf3 21.
Bd1 Bxd1 22. Rxd1 Qf6 23. Qg4 Kh8 24. Rd6 1-0

[Event "4NCL Rapid Team 2014"]
[Site "Daventry ENG"]
[Date "2014.10.04"]
[Round "7.3"]
[White "Mayhew, Andrew"]
[Black "Hall, John"]
[Result "1/2-1/2"]
[BlackTitle "FM"]
[WhiteElo "2120"]
[BlackElo "2264"]
[WhiteTeam "RSJ"]
[BlackTeam "Leeds University Old Boys 1"]
[WhiteFideId "405493"]
[BlackFideId "401102"]
[EventDate "2014.10.04"]

1. d4 Nf6 2. Nc3 d5 3. Bf4 Bf5 4. f3 e6 5. g4 Bg6 6. h4 h6 7. e3 Bd6 8. h5 Bh7
9. Bd3 Bxd3 10. Qxd3 Nc6 11. O-O-O Qd7 12. Nge2 O-O-O 13. Kb1 e5 14. dxe5 Bxe5
15. Rhe1 Rhe8 16. Nb5 Kb8 17. Nbd4 Nxd4 18. exd4 Bxf4 19. Nxf4 Rxe1 20. Rxe1 Re8
21. Re5 1/2-1/2

[Event "4NCL Rapid Team 2014"]
[Site "Daventry ENG"]
[Date "2014.10.04"]
[Round "7.3"]
[White "McGann, Gary"]
[Black "Snape, Ian L"]
[Result "1-0"]
[WhiteElo "2083"]
[BlackElo "2172"]
[WhiteTeam "Leeds University Old Boys 1"]
[BlackTeam "RSJ"]
[WhiteFideId "428345"]
[BlackFideId "404489"]
[EventDate "2014.10.04"]

1. d4 c5 2. c3 cxd4 3. cxd4 Nf6 4. Nc3 d5 5. Bf4 a6 6. e3 Nc6 7. Nf3 e6 8. Bd3
Bd6 9. Bg5 Bd7 10. O-O Be7 11. a3 Nh5 12. Bxe7 Qxe7 13. Ne5 Nxe5 14. dxe5 g6 15.
Ne2 O-O 16. f4 Ng7 17. Rc1 Rac8 18. Qd2 f6 19. exf6 Qxf6 20. Nd4 Nf5 21. Bxf5
gxf5 22. Nf3 Bb5 23. Rxc8 Rxc8 24. Rc1 Rd8 25. Rc7 d4 26. Nxd4 Bc6 27. Qf2 Bd5
28. h3 Kh8 29. Nf3 Bc6 30. Ne5 Rf8 31. Qd2 Bd5 32. Qc3 Kg8 33. Qc5 Qh4 34. Kh2
Qf2 35. Qc2 Qxe3 36. Qc1 Qe4 37. Qd2 Rf6 38. Qf2 Rh6 39. Qg3+ Rg6 40. Nxg6 hxg6
41. Qxg6+ 1-0

[Event "4NCL Rapid Team 2014"]
[Site "Daventry ENG"]
[Date "2014.10.04"]
[Round "7.3"]
[White "Talsma, Paul"]
[Black "Mossong, Hubert"]
[Result "0-1"]
[BlackTitle "FM"]
[WhiteElo "2193"]
[BlackElo "2094"]
[WhiteTeam "RSJ"]
[BlackTeam "Leeds University Old Boys 1"]
[WhiteFideId "1018779"]
[BlackFideId "4000030"]
[EventDate "2014.10.04"]

1. d4 d6 2. e4 Nf6 3. f3 c6 4. c4 e5 5. Ne2 Be7 6. Nbc3 a6 7. Be3 b5 8. b3 Nbd7
9. Qd2 bxc4 10. bxc4 O-O 11. d5 c5 12. Ng3 g6 13. Bh6 Re8 14. Bd3 Bf8 15. h4 Rb8
16. h5 Qe7 17. Bg5 Bg7 18. h6 Bh8 19. Kf2 Nb6 20. Rab1 Bd7 21. Bh4 Qd8 22. Rb2
Qc7 23. Rhb1 Na8 24. Qc2 Rb4 25. a3 Rbb8 26. Bg5 Rec8 27. Bd2 Ne8 28. Na4 Bf6
29. Rxb8 Rxb8 30. Rxb8 Qxb8 31. Qb2 Qc7 32. Bc2 Bh4 33. Qc1 Qd8 34. Nb2 f5 35.
exf5 gxf5 36. f4 Nf6 37. Qh1 Ng4+ 38. Kf3 e4+ 39. Nxe4 fxe4+ 40. Bxe4 Nf2 41.
Qb1 Bg4+ 42. Ke3 Qe7 43. Be1 Qf6 44. Bxf2 Qd4# 0-1

[Event "4NCL Rapid Team 2014"]
[Site "Daventry ENG"]
[Date "2014.10.04"]
[Round "7.3"]
[White "Deighton, Simon"]
[Black "Jones, William E G"]
[Result "0-1"]
[WhiteElo "2029"]
[BlackElo "2124"]
[WhiteTeam "Leeds University Old Boys 1"]
[BlackTeam "RSJ"]
[WhiteFideId "428132"]
[BlackFideId "470554"]
[EventDate "2014.10.04"]

1. d4 Nf6 2. c4 g6 3. Nc3 Bg7 4. e4 d6 5. Nge2 O-O 6. Ng3 e5 7. d5 a5 8. Be2 Na6
9. h4 h5 10. Bg5 Qe8 11. Qd2 Nh7 12. Bh6 f6 13. Bxg7 Kxg7 14. Nf1 Nc5 15. O-O-O
Bd7 16. f3 f5 17. g4 f4 18. gxh5 gxh5 19. Qe1 Kh8 20. Nd2 Qe7 21. Qf2 Rg8 22.
Rdg1 Rxg1+ 23. Rxg1 Rg8 24. Rxg8+ Kxg8 25. b3 Nf8 26. a3 b6 27. Kb2 Ng6 28. Qg2
Kh7 29. b4 axb4 30. axb4 Nb7 31. Nf1 Qxh4 32. Kb3 Kh6 33. Bd3 Qe7 34. Qa2 Nd8
35. Qa7 Be8 36. Na4 Bxa4+ 37. Kxa4 Nh4 38. Be2 Ng2 39. c5 dxc5 40. bxc5 Qxc5 41.
Kb3 Ne1 0-1